<?xml version="1.0" encoding="UTF-8"?><?xml-stylesheet type="text/xsl" href="static/style.xsl"?><OAI-PMH xmlns="http://www.openarchives.org/OAI/2.0/" xmlns:xsi="http://www.w3.org/2001/XMLSchema-instance" xsi:schemaLocation="http://www.openarchives.org/OAI/2.0/ http://www.openarchives.org/OAI/2.0/OAI-PMH.xsd"><responseDate>2026-04-28T21:23:25Z</responseDate><request verb="GetRecord" identifier="oai:uvadoc.uva.es:10324/71445" metadataPrefix="marc">https://uvadoc.uva.es/oai/request</request><GetRecord><record><header><identifier>oai:uvadoc.uva.es:10324/71445</identifier><datestamp>2024-11-15T09:13:18Z</datestamp><setSpec>com_10324_38</setSpec><setSpec>col_10324_852</setSpec></header><metadata><record xmlns="http://www.loc.gov/MARC21/slim" xmlns:doc="http://www.lyncode.com/xoai" xmlns:xsi="http://www.w3.org/2001/XMLSchema-instance" xmlns:dcterms="http://purl.org/dc/terms/" xsi:schemaLocation="http://www.loc.gov/MARC21/slim http://www.loc.gov/standards/marcxml/schema/MARC21slim.xsd">
<leader>00925njm 22002777a 4500</leader>
<datafield tag="042" ind1=" " ind2=" ">
<subfield code="a">dc</subfield>
</datafield>
<datafield tag="720" ind1=" " ind2=" ">
<subfield code="a">Camino Fombellida, Irene</subfield>
<subfield code="e">author</subfield>
</datafield>
<datafield tag="260" ind1=" " ind2=" ">
<subfield code="c">2024</subfield>
</datafield>
<datafield tag="520" ind1=" " ind2=" ">
<subfield code="a">En este trabajo se explica el desarrollo las principales burbujas ocurridas en la &#xd;
historia, desde el siglo XVII hasta la actualidad. Comenzando con la tulipomanía de &#xd;
los Países Bajos y siguiendo con la analogía entre las burbujas de las compañías de &#xd;
los Mares del Sur y del Mississippi acaecidas en Inglaterra y Francia, llegamos al &#xd;
destacable crack de la bolsa de Estados Unidos de 1929. Además, se analiza la &#xd;
burbuja financiera e inmobiliaria ocurrida en Japón a mediados de los ochenta, el &#xd;
lunes negro de 1987 y la crisis financiera asiática de finales de los noventa. Por &#xd;
último, se desarrolla las burbujas causadas por las empresas puntocom y por las &#xd;
hipotecas subprime. A través de este trabajo se pretende analizar cada una de las &#xd;
crisis mencionadas con el fin de entender sus causas, características y &#xd;
consecuencias sobre la economía y la sociedad.</subfield>
</datafield>
<datafield tag="024" ind2=" " ind1="8">
<subfield code="a">https://uvadoc.uva.es/handle/10324/71445</subfield>
</datafield>
<datafield ind1=" " ind2=" " tag="653">
<subfield code="a">Crisis económicas - Historia</subfield>
</datafield>
<datafield tag="245" ind1="0" ind2="0">
<subfield code="a">Las burbujas financieras: historia y desencadenantes</subfield>
</datafield>
</record></metadata></record></GetRecord></OAI-PMH>